000 00740nam a22002177a 4500
001 2001758
003 AM-YEHGA
005 20250617164929.0
008 241114s1927 ru |||||r|||||||||0|rus|d
040 _aAM-YeHGA
041 1 _arus
_hgrc
100 1 _aАристотель,
_d384-322 до н. э.
245 _aПоэтика /
_cАристотель ; Пер., введение и примеч. Н.И. Новосадского.
260 _aЛенинград :
_bAcademia,
_c1927.
300 _a120 с.
440 0 _aКлассики искусствоведения
_vВып. 1
650 1 4 _aАнтичная философия
700 1 _aНовосадский, Н.И.
_eпер.
_4trl
942 _2udc
_cBK
090 _c571052
999 _c532163
_d532163